Sports Quiz

Random Sports or Tennis Quiz

Athletes of the 2000s Quiz Stats

 Plays Quiz Updated Jul 6, 2017

Support Sporcle.
Go Orange.
Score 0/36 Timer 10:00
9 Plays Today
Hint Answer % Correct
BasketballKobe Bryant
93.6%
GolfTiger Woods
93.2%
Shaquille O'Neal
91.3%
TennisSerena Williams
91.1%
Venus Williams
90.5%
FootballTom Brady
89.5%
Peyton Manning
88.2%
Allen Iverson
84.7%
Steve Nash
84.7%
Tim Duncan
83.1%
Kevin Garnett
79.4%
Roger Federer
76.8%
Alex Rodriguez
76.5%
Rafael Nadal
74.8%
Larry Fitzgerald
72.7%
Ichiro Suzuki
69%
Phil Mickelson
67.7%
Randy Johnson
66.7%
Hint Answer % Correct
Kurt Warner
66.6%
BaseballAlbert Pujols
65.6%
LaDainian Tomlinson
64.5%
Maria Sharapova
53.4%
Vijay Singh
53%
Shaun Alexander
49%
Roy Halladay
41.2%
Johan Santana
40.5%
Martin Brodeur
38%
HockeyJoe Sakic
29.9%
Joe Thornton
29.1%
Annika Sörenstam
26.6%
Jarome Iginla
26.1%
Martin St. Louis
22.8%
Lleyton Hewitt
22.7%
Pavel Datsyuk
19.2%
Pádraig Harrington
16.2%
Retief Goosen
7.6%

You're not logged in!

Compare scores with friends on all Sporcle quizzes.
OR
Log In
Forgot?

From the Vault

Progressively Smaller Movies V

by strokes_static

It's hard to picture the really tiny ones on the big screen.
Remove Ads.
Support Sporcle.
Get the best of Sporcle when you Go Orange. This ad-free experience offers more features, more stats, and more fun while also helping to support Sporcle. Thank you for becoming a member.

Show Comments

Extras

Top Quizzes Today


Score Distribution

Your Account Isn't Verified!

In order to create a playlist on Sporcle, you need to verify the email address you used during registration. Go to your Sporcle Settings to finish the process.

Report this User

Report this user for behavior that violates our Community Guidelines.

Details: